00481nam a2200169Ia 450000500170000000800410001702000150005808200130007310000150008624500130010126000240011430000120013850000410015094200060019195200990019799900150029620250617035016.0240331s9999 xx 000 0 und d a9559261231 bDESa305 aDe Silva,T 0aVinivida aColombobWERCc2002 a16 p ., aA cross section of female employment cL 001040708LaWERCLbWERCLcSSCd2024-03-31l0o 305.562 DESp4602r2024-03-31w2024-03-31yL c5139d5139